000
00252nam a22001097a 4500
082
_a
621.833 GEA'C
100
_a
CHIRONIS, N. P
_9
79144
245
_a
GEAR DESIGN AND APPLICATION
260
_a
NEWYORK
_b
MCGRAW HILL
_c
1967
300
_a
375P
942
_c
BK
999
_c
584208
_d
584208